banner-ar

مبادىء التحليل الاقتصادى / (Record no. 30662)

MARC details
000 -الفاتح
حقل البيانات ثابتة الطول 00720nam a2200241Ia 4500
008 - عناصر البيانات ثابتة الطول - معلومات عامة
حقل البيانات ثابتة الطول 140319s9999 xx 000 0 ara d
040 ## - مصدر الفهرسة
وكالة الفهرسة الأصلية GCL /
وكالة النسخ GCL
082 04 - رقم تصنيف ديوى العشرى
رقم التصنيف 33.15
رقم المادة م م
100 1# - المدخل الرئيسى - إسم شخصى
الإسم الشخصى محمد مروان السمان
245 10 - بيان العنوان
العنوان مبادىء التحليل الاقتصادى /
بيان المسئوليه,etc محمد مروان السمان
700 1# - المدخل الاضافى - اسم شخصى
الإسم الشخصى محمد ظافر محبك
700 1# - المدخل الاضافى - اسم شخصى
الإسم الشخصى احمد زهير شامية
260 ## - PUBLICATION, DISTRIBUTION, ETC. (IMPRINT)
تاريخ النشر أو التوزيع 1992
300 ## - الوصف المادى
التعداد 288
490 ## - بيان السلسلة
عنوان السلسلة
650 04 - المدخل الاضافى بالموضوع-مصطلح موضوعى
مصطلح موضوعي الاقتصاد
650 04 - المدخل الاضافى بالموضوع-مصطلح موضوعى
مصطلح موضوعي التجارة
650 04 - المدخل الاضافى بالموضوع-مصطلح موضوعى
مصطلح موضوعي النقود
650 04 - المدخل الاضافى بالموضوع-مصطلح موضوعى
مصطلح موضوعي المذاهب الاقتصادية
650 04 - المدخل الاضافى بالموضوع-مصطلح موضوعى
مصطلح موضوعي الدخل
942 ## - عناصر المدخل الإضافي( كوها)
مصدر التصنيف او مخطط الترفيف Dewey Decimal Classification
Koha [default] item type كتاب
260 ## - PUBLICATION, DISTRIBUTION, ETC. (IMPRINT)
-- [S.N] :
-- مكتبة دار الثقافة ،
Holdings
حالة التراجع حالة الفقد حالة تلف ليس للاعارة المكان المؤقت الموقع الحالى تاريخ الاكتساب اجمالي اﻻعارات رقم الطلب الباركود تاريخ اخر مشاهدة تاريخ تفعيل السعر نوع وعاء كوها
        مكتبة القاهرة الكبرى مكتبة القاهرة الكبرى 03/26/2014   33.15\م م 71443 03/26/2014 03/26/2014 كتاب

Powered By

EGPV